00944nam a2200241Ia 4500001000600000003000900006008004100015040001300056040001300069041001300082100002100095100002900116245004200145245006900187250001100256260001100267260001100278260004900289300005700338500023300395650004300628650003100671G3579IT-RoPAU130308s9999 xx 000 0 und d aIT-RoPAU cIT-RoPAU aFRANCESE aMattelart Armand gCodice Aut. SPICS: 4009 aVers la mondialisation de la culture? bVers Une Citoyennete' Simulee: Medias, Reseaux et Mondialisation a1a ed. aRENNES bApogee c1999 [1° Ed.:1999 - Ed.Ling.Originale:1999] a"17 p. (prefazione: no ; testo: 17 [pagine: 17-33])" aVerso la mondializzazione della Cultura? Segni Anticipatori di Herbert Georges Wells. Americanizzazione. Apogeo delle Contestazioni. Verso la Società Globale. Visione Geoeconomica della Cultura. Giochi Combinati della Cultura. aSOCIOLOGIA DELLA COMUNICAZIONE SOCIALE eCodice materia Spics: 3806